EMC shielding materials / (Record no. 67474)
[ view plain ]
| 000 -LEADER | |
|---|---|
| fixed length control field | 01018nam a2200301 a 4500 |
| 001 - CONTROL NUMBER | |
| control field | 3555999 |
| 003 - CONTROL NUMBER IDENTIFIER | |
| control field | NUST - PNEC |
| 005 - DATE AND TIME OF LATEST TRANSACTION | |
| control field | 20170116181023.0 |
| 008 - FIXED-LENGTH DATA ELEMENTS--GENERAL INFORMATION | |
| fixed length control field | 971205s1997 enka 001 0 eng |
| 010 ## - LIBRARY OF CONGRESS CONTROL NUMBER | |
| LC control number | 97222286 |
| 020 ## - INTERNATIONAL STANDARD BOOK NUMBER | |
| International Standard Book Number | 0750635487 |
| 040 ## - CATALOGING SOURCE | |
| Transcribing agency | LIBRARY |
| 082 00 - DEWEY DECIMAL CLASSIFICATION NUMBER | |
| Classification number | 621.38224 MOL |
| 100 2# - MAIN ENTRY--PERSONAL NAME | |
| Personal name | Molyneux-Child, J. W. |
| Fuller form of name | (John W.) |
| 245 10 - TITLE STATEMENT | |
| Title | EMC shielding materials / |
| Statement of responsibility, etc. | J.W. Molyneux-Child. |
| 246 0# - VARYING FORM OF TITLE | |
| Display text | Subtitle on cover: |
| Title proper/short title | A designer's guide |
| 250 ## - EDITION STATEMENT | |
| Edition statement | 2nd ed. |
| 260 ## - PUBLICATION, DISTRIBUTION, ETC. | |
| Place of publication, distribution, etc. | Oxford ; |
| -- | Boston : |
| Name of publisher, distributor, etc. | Newnes, |
| Date of publication, distribution, etc. | c1997. |
| 300 ## - PHYSICAL DESCRIPTION | |
| Extent | xiv, 175 p. : |
| Other physical details | ill. ; |
| Dimensions | 24 |
| 500 ## - GENERAL NOTE | |
| General note | Rev. ed. of: RFI/EMI shielding materials. 1992. |
| 500 ## - GENERAL NOTE | |
| General note | Includes index. |
| 650 #0 - SUBJECT ADDED ENTRY--TOPICAL TERM | |
| Topical term or geographic name entry element | Shielding (Electricity) |
| General subdivision | EL |
| 650 #0 - SUBJECT ADDED ENTRY--TOPICAL TERM | |
| Topical term or geographic name entry element | Electromagnetic compatibility. |
| 700 2# - ADDED ENTRY--PERSONAL NAME | |
| Personal name | Molyneux-Child, J. W. |
| Fuller form of name | (John W.). |
| Title of a work | RFI/EMI shielding materials. |
| 906 ## - LOCAL DATA ELEMENT F, LDF (RLIN) | |
| a | 7 |
| b | cbc |
| c | orignew |
| d | 2 |
| e | ncip |
| f | 19 |
| g | y-gencatlg |
| 942 ## - ADDED ENTRY ELEMENTS (KOHA) | |
| Source of classification or shelving scheme | |
| Koha item type | Book |
| Withdrawn status | Lost status | Source of classification or shelving scheme | Damaged status | Not for loan | Permanent Location | Current Location | Shelving location | Date acquired | Total Checkouts | Full call number | Barcode | Date last seen | Price effective from | Koha item type |
|---|---|---|---|---|---|---|---|---|---|---|---|---|---|---|
| Pakistan Navy Engineering College (PNEC) | Pakistan Navy Engineering College (PNEC) | 621.38224 MOL | PNECLIB-025927 | 09/15/2015 | Book |
